| 000 | 01231nji a22002897a 4500 | ||
|---|---|---|---|
| 005 | 20100907161036.0 | ||
| 006 | a|||||r|||||00| 0 | ||
| 007 | sd ammalaaahaa | ||
| 008 | 100830t xxu||||| |||| 00| 0 eng d | ||
| 028 |
_aGE 33562 _bColumbia |
||
| 035 | _aGR-01168 | ||
| 040 |
_aSED _cSED |
||
| 100 |
_917455 _aMangeshkar, lata |
||
| 245 |
_aDil ek mandir / _cby Lata Mangeshkar ; music by Shankar Jaikishan ; lyrics by Shallendra _h[sound recording] : |
||
| 246 | _aदिल एक मंदिर / लता मंगेशकर द्वारा | ||
| 260 |
_aDum Dum, India _bHis Master's Voice |
||
| 300 |
_a1 sound disc [Gramophone Recording]: _banalog, 33 1/3 rpm _c9.5 in. (MP) _fGramophone Record |
||
| 500 | _aBrief Record | ||
| 505 | _aSide-१ तुम सब को छोड़ कर (Tum sab ko chhod kar) (Lata Mangeshkar) --Side-2 हम तेरे प्यार में (Hum tere pyar mein) (Lata Mangeshkar) | ||
| 650 |
_aClassical music _zIndia _91186 _xExcerpts |
||
| 700 |
_917416 _aJaikishan, Sankar |
||
| 700 |
_917456 _aHasrat Jaipuri |
||
| 700 | _918703 | ||
| 700 | _918764 | ||
| 942 |
_2ddc _cGR |
||
| 999 |
_c44333 _d44333 |
||